Responses for Show #6364 - Thursday, April 26, 2012

Contestants

[<< previous game]

Lydia Brawner, a performance artist from Oakland, California

Ben Pirie, a recent law school graduate from Portland, Oregon

Jacob Silverman, an arts and culture journalist from Brooklyn, New York (whose 1-day cash winnings total $18,799)

[next game >>]

Jeopardy! Round responses

INTERBRAND TOP 100 GLOBAL BRANDS
HOW'D THEY DIE?
THE GREAT LAKES
MEN
RUNNING A MARATHON
"PACE" YOURSELF
    $200 7
Coca-Cola

Ben
    $200 12
hanging

Jacob
    $200 26
Lake Michigan

Triple Stumper
    $200 1
John Henry

Ben
    $200 24
Athens

Ben
    $200 3
Backspace

Jacob
    $400 8
Disney

Jacob
    $400 13
crushed by a house

Jacob
    $400 27
Lake Superior

Ben
    $400 2
Will Rogers

Lydia
    $400 25
the Boston Marathon

Lydia
    $400 4
a pacemaker

Jacob
    $600 9
Amazon

Lydia
    $600 14
by guillotine

Jacob
    $600 28
(Ben: What is three?)

four

Ben
Triple Stumper
    $600 20
Glenn Beck

Jacob
    $600 17
5 minutes

Ben
    $600 5
a Pacer

Lydia
    $800 10
Louis Vuitton

Jacob
    $800 15
old age

Ben
    $800 29
Lake Erie

Triple Stumper
    $800 21
(Ben: Who is Audubon?)

John Muir

Ben
Triple Stumper
    $800 18
(Ben: What is Chicago?)

Munich

Ben
Triple Stumper
    $800 6
a carapace

Jacob
    $1,600 11
Nokia

Jacob
    $1000 16
by choking on a pill-bottle cap

Triple Stumper
    $1000 30
Lake Huron

Jacob
    $1000 22
scale Mount Everest

Jacob
    $1000 19
Kenya

Jacob
    $1000 23
(Jacob: What is a crawl?)

a snail's pace

JacobLydia

Scores at the first commercial break (after clue 16):

Jacob Ben Lydia
$5,400 $1,200 $1,600

Scores at the end of the Jeopardy! Round:

Jacob Ben Lydia
$8,000 $200 $3,000

Double Jeopardy! Round responses

IRISH HISTORY
3-SYLLABLE WORDS
LITERARY VILLAINS
WORLD CAPITAL ATTRACTIONS
OLD MONEY
WHO PLAYED THE MRS.?
    $400 28
the potato

Lydia
    $400 4
a simile

Jacob
    $400 6
Captain Hook

Lydia
    $400 24
(Alex: Yes, with a minute to go.)

Moscow

Ben
    $400 16
eight

Ben
    $400 10
(Jacob: Who is Crawford?)

(Anne) Bancroft

JacobLydia
    $800 30
Easter

Jacob
    $800 2
(Jacob: Veritas? What is veritas?)

verify

JacobBen
    $800 7
Rebecca

Triple Stumper
    $800 26
Mexico City

Ben
    $2,200 17
(Ben: What is a pegasus?)
(Alex: No.)
(Ben: What is a horse?)
(Alex: Your response was,
"What is Pegasus?" And we were going--"this type of animal". Pegasus is not a type of animal. Sorry about that.)

a horse

Ben
    $800 11
Angelina Jolie

Ben
    $1200 29
St. Patrick

Ben
    $1200 1
a frankfurter

Lydia
    $1200 8
1984

Triple Stumper
    $1200 27
Warsaw

Jacob
    $1200 18
talent

Triple Stumper
    $1200 12
Jennifer Jason Leigh

Triple Stumper
    $1600 23
Blarney

Jacob
    $1600 3
a serviette

Jacob
    $1600 9
Quilp

Triple Stumper
    $1600 25
Tehran

Jacob
    $1600 19
(Alex: And that was [*] Party.)

the greenback

Triple Stumper
    $1600 13
Diana Rigg

Triple Stumper
    $2000 22
(Lydia: What is Derry?)

Ulster

Lydia
Triple Stumper
    $2000 5
corridor

Triple Stumper
    $2000 21
Edmund

Triple Stumper
    $2,000 20
(Ben: What is Bilbao?)

Lisbon

Ben
    $2000 15
a drachma

Lydia
    $2000 14
(Alex: One of the original Charlie's Angels--[*].)

Kate Jackson

Triple Stumper

Scores at the end of the Double Jeopardy! Round:

Jacob Ben Lydia
$14,000 $400 $5,400
(lock game)

[wagering suggestions for these scores]

Final Jeopardy! Round responses

INTERNATIONAL ROAD VEHICLE STICKERS
(Alex: I suppose there's a great temptation to start thinking about Hong Kong, but then what would you do with the "J"?)
BenWhat is Hong Kong?
$399
LydiaWhat hong kong
$1,000
JacobWhat is Hong Kong? Jamai
$3,000
the Hashemite Kingdom of Jordan

Final scores:

Jacob Ben Lydia
$11,000 $1 $4,400
2-day champion: $29,799 3rd place: $1,000 2nd place: $2,000

Game dynamics:

Coryat scores:

Jacob Ben Lydia
$13,400 $4,600 $5,400
19 R
(including 1 DD),
3 W
12 R,
5 W
(including 2 DDs)
10 R,
1 W

Combined Coryat: $23,400

[game clues] [game scores] [suggest correction]

Game tape date: 2011-12-20
The J! Archive is created by fans, for fans. Scraping, republication, monetization, and malicious use prohibited; this site may use cookies and collect identifying information. See terms. The Jeopardy! game show and all elements thereof, including but not limited to copyright and trademark thereto, are the property of Jeopardy Productions, Inc. and are protected under law. This website is not affiliated with, sponsored by, or operated by Jeopardy Productions, Inc. Join the discussion at JBoard.tv.